• 首页
  • 本馆介绍
  • 公告通知
  • 最新文献
  • 馆藏检索
  • 电子资源
  • 读者导购
  • 参考咨询
  • 我的图书馆
  • 登录
  • 详细信息显示
  • 放入我的书架
  • 预约/预借图书
  • 作者相关作品
  • 分类相关作品
  • 丛书相关作品
  • 出版社相关作品

书目信息

  • 表格格式
  • 工作单格式
  • 卡片格式
题名:
中国仿古建筑构造与设计
    
 
作者: 徐锡玖 主编
分册:  
出版信息: 北京   化学工业出版社  2017.7
页数: 334页
开本: 27cm
丛书名:
单 册:
中图分类: TU29
科图分类:
主题词: 仿古建筑--建筑构造--中国 , 仿古建筑--建筑设计--中国
电子资源:
ISBN: 978-7-122-29140-0
000 00945nam0 2200241 450
001 0400002040
005 20171020081041.0
010    @a978-7-122-29140-0@dCNY78.00
100    @a20170619d2017 em y0chiy50 ea
101 0  @achi
102    @aCN@b110000
105    @aa z 000yy
106    @ar
200 1  @a中国仿古建筑构造与设计@9zhong guo fang gu jian zhu gou zao yu she ji@f徐锡玖主编
210    @a北京@c化学工业出版社@d2017.7
215    @a334页@c图@d27cm
330    @a本书共分为八章。以仿古建筑设计为主题,对古建筑的构造与设计进行剖析,并结合现代建筑材料及工艺,以文字描述、图纸和图片相结合的方式,详细阐述了仿古建筑设计与构造等相关内容。既介绍了传统设计的做法,又给出了在传统工艺指导下的现代做法,有些章节还给出了部分实例图纸。
606 0  @a仿古建筑@x建筑构造@y中国
606 0  @a仿古建筑@x建筑设计@y中国
690    @aTU29@v5
701  0 @a徐锡玖@9xu xi jiu@4主编
801  0 @aCN@b91MARC@c20171020
905    @b1031340-4@dTU29@f5@e1124
    
    中国仿古建筑构造与设计/徐锡玖主编.-北京:化学工业出版社,2017.7
    334页:图;27cm
    
    
    ISBN 978-7-122-29140-0:CNY78.00
    本书共分为八章。以仿古建筑设计为主题,对古建筑的构造与设计进行剖析,并结合现代建筑材料及工艺,以文字描述、图纸和图片相结合的方式,详细阐述了仿古建筑设计与构造等相关内容。既介绍了传统设计的做法,又给出了在传统工艺指导下的现代做法,有些章节还给出了部分实例图纸。
●
相关链接 在E读中查询图书 在五车中查询图书 在当当中查询图书 在豆瓣中查询图书


正题名:中国仿古建筑构造与设计     索取号:TU29/1124         预约/预借

序号 登录号 条形码 馆藏地/架位号 状态 备注
1 1031340   210313409   第二样本阅览室/ [索取号:TU29/1124] 在馆    
2 1031341   210313418   密集书库-生命科学系/ [索取号:TU29/1124] 在馆    
3 1031342   210313427   第三借阅区/ [索取号:TU29/1124] 在馆    
4 1031343   210313436   第三借阅区/ [索取号:TU29/1124] 在馆    
5 1031344   210313445   第三借阅区/ [索取号:TU29/1124] 在馆    
唐山师范学院图书馆 欢迎您!
大连网信软件有限公司© 版权所有